|
|
|
|
| LEADER |
01364nam a2200289 a 4500 |
| 001 |
3069553 |
| 008 |
090819s1992 mau b 001 0 eng d |
| 010 |
|
|
|a 97007777
|
| 020 |
|
|
|a 063114272X
|
| 020 |
|
|
|a 0631183531
|
| 040 |
|
|
|a DLC
|c DLC
|d DLC
|
| 082 |
0 |
0 |
|a 306.44
|2 21
|
| 100 |
1 |
|
|a Wardhaugh, Ronald.
|
| 245 |
1 |
3 |
|a An introduction to sociolinguistics /
|c Ronald Wardhaugh.
|
| 250 |
|
|
|a 2nd ed.
|
| 260 |
|
|
|a Malden, Mass. :
|b Blackwell,
|c 1992.
|
| 300 |
|
|
|a vi, 400 p. ;
|c 21 cm.
|
| 490 |
|
0 |
|a Blackwell textbooks in linguistics ;
|v 4
|
| 504 |
|
|
|a Includes bibliographical references and index.
|
| 541 |
1 |
|
|e 00013041
|
| 650 |
|
0 |
|a Sociolinguistics.
|
| 852 |
4 |
|
|a Ayesha Abed Library
|j General Shelf.
|
| 942 |
0 |
0 |
|0 1
|
| 999 |
|
|
|c 3427
|d 3427
|
| 952 |
|
|
|0 0
|1 0
|2 ddc
|4 1
|6 306_440000000000000_WAR
|7 0
|9 3113
|a BRACUL
|b BRACUL
|c SPS
|d 2009-09-01
|g 0.00
|l 8
|m 76
|o 306.44 WAR
|p 3010013041
|r 2018-09-01
|s 2018-05-16
|t 1
|w 2009-09-01
|y BK
|x No price found in the accession register.
|
| 952 |
|
|
|0 0
|1 0
|2 ddc
|4 0
|6 306_440000000000000_WAR
|7 0
|9 9873
|a BRACUL
|b BRACUL
|c GEN
|d 2010-05-06
|l 22
|m 167
|o 306.44 WAR
|p 3010013042
|r 2025-07-13
|s 2025-06-25
|t 2
|w 2010-05-06
|y BK
|x Price not available in Register
|
| 952 |
|
|
|0 0
|1 0
|2 ddc
|4 0
|6 306_440000000000000_WAR
|7 0
|9 10378
|a BRACUL
|b BRACUL
|c GEN
|d 2010-05-19
|l 17
|m 148
|o 306.44 WAR
|p 3010013040
|r 2025-07-12
|s 2025-06-30
|t 3
|w 2010-05-19
|y BK
|x Price not available in Register
|